[Event "Arnold Cup"]
[Site "Gausdal"]
[Date "1991.??.??"]
[Round "8"]
[White "Ostenstad, Berge"]
[Black "Remlinger, Larry"]
[Result "1-0"]
[WhiteElo "2500"]
[BlackElo "2365"]

1.Nf3 Nf6 2.c4 g6 3.Nc3 Bg7 4.e4 d6 5.d4 O-O 6.Be2 e5 7.O-O exd4 8.Nxd4 Re8
9.f3 c6 10.Kh1 Nbd7 11.Bg5 h6 12.Bf4 Nh5 13.Bxd6 Qf6 14.Nb3 Nf4 15.c5 b6
16.Re1 Ne5 17.Bf1 bxc5 18.Nxc5 Rd8 19.Bxe5 Qe7 20.Qxd8+ Qxd8 21.Bxf4 Qa5
22.N3a4 Bd7 23.Nxd7 Qxa4 24.Be5 Bxe5 25.Nxe5 Qd4 26.Nc4 Rd8 27.Rad1 Qxd1
28.Rxd1 Rxd1 29.Kg1 Ra1 30.a3 Kf8 31.Kf2 Ke7 32.f4 f6 33.Be2 c5 34.Ke3 Ke6
35.Nd2 Re1 36.a4 h5 37.b3 Ke7 38.Nf3 Rh1 39.Bc4 Ra1 40.e5 Ra2 41.Nh4 fxe5
42.fxe5 g5 43.Nf5+  1-0

[Event "Gausdal Int"]
[Site "Gausdal"]
[Date "1991.??.??"]
[Round "8"]
[White "Shantharam, KV."]
[Black "Kochyev, Alexander"]
[Result "0-1"]
[WhiteElo "2310"]
[BlackElo "2485"]

1.Nf3 Nf6 2.c4 g6 3.Nc3 Bg7 4.e4 d6 5.d4 O-O 6.Be2 e5 7.O-O Nbd7 8.Be3 Qe7
9.d5 Ne8 10.Bg5 f6 11.Bd2 a5 12.a3 f5 13.Ng5 Nc5 14.b4 axb4 15.axb4 Rxa1
16.Qxa1 Nb3 17.Qb2 Nxd2 18.Qxd2 Bh6 19.h4 f4 20.Ne6 Bxe6 21.dxe6 Qxe6 22.Qd5 Qxd5
23.cxd5 Nf6 24.Ra1 Rb8 25.Bf3 Bf8 26.b5 Be7 27.Kf1 h5 28.Ra7 Kg7 29.Nb1 Nd7
30.g3 Kh6 31.Nd2 Nc5 32.Ke2 g5 33.hxg5+ Bxg5 34.Nc4 Nb3 35.Bh1 Nd4+ 36.Kd3 Nxb5
37.Ra1 Nd4 38.Na3 fxg3 39.fxg3 Ra8 40.Nc2 Rxa1 41.Nxa1 Bc1 42.Bg2 Kg5 43.Bh3 c5
44.dxc6 bxc6 45.Bd7 c5 46.Nc2 Nxc2 47.Kxc2 Be3 48.Kd3 Bf2 49.Ke2 Bxg3 50.Kf3 h4
51.Bb5 Be1 52.Bf1 Bb4 53.Bc4 Ba5 54.Bd5 Be1 55.Be6 Kf6 56.Bc4 h3  0-1

[Event "Gausdal Int"]
[Site "Gausdal"]
[Date "1991.??.??"]
[Round "8"]
[White "Ostenstad, Berge"]
[Black "Remlinger, Larry"]
[Result "1/2-1/2"]
[WhiteElo "2475"]
[BlackElo "2370"]

1.d4 Nf6 2.Nf3 g6 3.c4 Bg7 4.Nc3 O-O 5.e4 d6 6.Be2 e5 7.O-O Nbd7 8.Qc2 c6
9.d5 c5 10.a3 Ne8 11.b4 b6 12.Rb1 h6 13.Bd1 f5 14.Nd2 Ndf6 15.Qd3 Nh5 16.Bxh5 gxh5
17.exf5 Bxf5 18.Nde4 Kh8 19.bxc5 dxc5 20.Qe2 Nf6 21.Rb3 h4 22.h3 Qd7 23.Kh2 Rf7
24.Nxf6 Rxf6 25.Ne4 Rg6 26.Bb2 Rg8 27.Re3 Qe8 28.Rg1 Kh7 29.Rf3 Bc8 30.Qc2 Kh8
31.Nd2 Rg5 32.Qe4 Qh5 33.Qe2 Qg6 34.Ne4 Rf5 35.Rxf5 Bxf5 36.f3 Kh7 37.Kh1 Rf8
38.Re1 Bxe4 39.Qxe4 Rf4 40.Qxg6+ Kxg6 41.Re4 Kf5 42.Rxf4+ Kxf4 43.Kg1 Ke3
44.Kf1 Kd3 45.d6 Kxc4 46.f4 Kd5 47.Bxe5 Bxe5 48.fxe5 Ke6 49.a4 a6 50.Ke2 b5
51.axb5 axb5 52.Kd3 c4+ 53.Kd4  1/2-1/2

[Event "Gausdal Int"]
[Site "Gausdal"]
[Date "1991.??.??"]
[Round "8"]
[White "Dannevig, Oystein"]
[Black "Stefansson, Hannes"]
[Result "0-1"]
[WhiteElo "2270"]
[BlackElo "2470"]

1.d4 Nf6 2.c4 g6 3.Nc3 Bg7 4.e4 d6 5.Nf3 O-O 6.Be2 e5 7.Be3 c6 8.d5 Ng4 9.Bg5 f6
10.Bd2 f5 11.O-O Nf6 12.b4 Na6 13.Qb3 Kh8 14.Rfe1 Nc7 15.Rad1 fxe4 16.Ng5 Bf5
17.Bf1 Ng4 18.Ncxe4 b5 19.f3 Nf6 20.Nxf6 Bxf6 21.Ne4 Bxe4 22.Rxe4 cxd5 23.cxd5 Qd7
24.Rc1 Qf7 25.Rc6 Rfd8 26.Re1 a6 27.Bd3 Nxd5 28.Kh1 Kg7 29.Be4 Ne7 30.Bh6+ Kg8
31.Qxf7+ Kxf7 32.Rxd6 Rxd6 33.Bxa8 Rd4 34.Be3 Rxb4 35.g4 Rb2 36.a3 Rc2 37.Rc1 Re2
38.Bc5 Bg5 39.Rd1 Rd2 40.Rxd2 Bxd2 41.Bb4 Bxb4 42.axb4 Ke6 43.Bb7 Kd6 44.g5 Kc7
45.Be4 Nc6 46.h4 Nxb4 47.h5 gxh5 48.Bxh7 Kd6 49.g6 Nd5 50.g7 Nf6 51.Kg2 Ke7
52.g8=Q Nxg8 53.Bxg8 Kf6 54.Bd5 Kg5 55.Kg3 a5 56.Bc6 b4 57.Ba4 h4+ 58.Kh3 Kf4
59.Bd1 e4 60.fxe4 Kxe4 61.Kxh4 Kd3 62.Kg4 Kc3 63.Kf4 b3 64.Bg4 a4  0-1

[Event "Gausdal Int"]
[Site "Gausdal"]
[Date "1991.??.??"]
[Round "9"]
[White "Steingrimsson, Hedinn"]
[Black "Kochyev, Alexander"]
[Result "0-1"]
[WhiteElo "2505"]
[BlackElo "2485"]

1.Nf3 Nf6 2.c4 g6 3.d4 Bg7 4.Nc3 O-O 5.e4 d6 6.Be2 e5 7.O-O Na6 8.Be3 Ng4
9.Bg5 Qe8 10.dxe5 dxe5 11.h3 h6 12.Bd2 Nf6 13.Be3 Nd7 14.a3 Nac5 15.b4 Ne6
16.c5 Nf4 17.Bc4 g5 18.Nb5 Qd8 19.a4 a6 20.Nc3 c6 21.Nd2 Qe7 22.Nb3 Re8 23.b5 Bf8
24.bxc6 bxc6 25.a5 Nf6 26.Qc2 N6h5 27.f3 Qf6 28.Kh2 Ng7 29.Na4 Be6 30.Nd2 h5
31.Rab1 Qg6 32.Rb6 g4 33.Bxe6 Rxe6 34.Rfb1 Nxg2 35.Kxg2 gxf3+ 36.Kxf3 Rf6+
37.Ke2 Qg2+ 38.Kd3 Rd8+ 39.Kc3 Qg3 40.Nc4 Rf3 41.Qe2 Rd4 42.R6b3 Rxe4 43.Kb4 Qxh3
44.Nb6 Ne6 45.Nd7 Nf4 46.Nf6+ Kh8 47.Qd2 Rxc4+ 48.Kxc4 Qe6+ 49.Kb4 Qxf6 50.Ka4 Nd5
51.Bg1 Rf4+ 52.Ka3 Qf5 53.Rb8 Kh7 54.R1b3 Rf1 55.Qb2 Be7 56.Rg3 Rxg1 57.Rxg1 Bxc5+
58.Ka2 Bxg1 59.Qg2 Qg6  0-1

[Event "Arnold Cup"]
[Site "Gausdal"]
[Date "1991.??.??"]
[Round "9"]
[White "Wegner, Hannu"]
[Black "Shirov, Alexei"]
[Result "1/2-1/2"]
[WhiteElo "2435"]
[BlackElo "2615"]

1.d4 Nf6 2.c4 g6 3.Nc3 Bg7 4.e4 d6 5.Nf3 O-O 6.Be2 e5 7.dxe5 dxe5 8.Qxd8 Rxd8
9.Bg5 Rf8 10.Nd5 Nxd5 11.cxd5 c6 12.Bc4 b5 13.Bb3 Bb7 14.Rc1 a5 15.a3 a4
16.Ba2 Rc8 17.Be3 b4 18.axb4 Na6 19.dxc6 Rxc6 20.Rxc6 Bxc6 21.Bc4 Nxb4 22.Bc5 Bf8
23.Bxf8 Kxf8 24.Nxe5 Bxe4 25.f3 Bd5 26.O-O Re8 27.Nd7+ Kg7 28.Bxd5 Nxd5 29.Nc5 Nb6
30.Ra1 Re2  1/2-1/2

[Event "Gelsenkirchen"]
[Site "Gelsenkirchen"]
[Date "1991.??.??"]
[Round "?"]
[White "Zueger, Beat"]
[Black "Hug, Werner"]
[Result "1/2-1/2"]
[WhiteElo "2425"]
[BlackElo "2435"]

1.c4 Nf6 2.Nc3 d6 3.d4 g6 4.e4 Bg7 5.Nf3 O-O 6.Be2 e5 7.O-O Nbd7 8.Re1 c6
9.Bf1 a5 10.h3 exd4 11.Nxd4 Re8 12.Nc2 Nc5 13.Bf4 Nh5 14.Be3 Nf6 15.Bf4 Nh5
16.Be3 Nf6 17.Bf4  1/2-1/2

[Event "Geneve op"]
[Site "Geneve"]
[Date "1991.??.??"]
[Round "3"]
[White "Soffer, Ram"]
[Black "Todorcevic, Miodrag"]
[Result "1-0"]
[WhiteElo "2445"]
[BlackElo "2480"]

1.d4 g6 2.e4 Bg7 3.c4 d6 4.Nc3 Nd7 5.Nf3 e5 6.Be2 Ngf6 7.O-O O-O 8.Qc2 exd4
9.Nxd4 Re8 10.Rd1 c6 11.f3 Qe7 12.Bg5 h6 13.Bh4 Ne5 14.h3 h5 15.f4 Ned7 16.Nb3 Qf8
17.Rf1 Nh7 18.Rad1 a5 19.Na4 c5 20.Nc3 a4 21.Nd2 Ra6 22.Nb5 Rb6 23.Qxa4 Ndf6
24.Qc2 Bd7 25.a4 Bh6 26.Bd3 Qg7 27.a5 Rc6 28.Bg3 h4 29.Bh2 Nh5 30.Rde1 g5
31.e5 gxf4 32.Bxh7+ Qxh7 33.Qxh7+ Kxh7 34.Nxd6 Rg8 35.Kh1 f6 36.Nf7 fxe5
37.Rxe5 Ng3+ 38.Bxg3 hxg3 39.Re7 Bf5 40.Ne5+ Kh8 41.Nxc6 bxc6 42.Ne4 Ra8
43.Ra1 Bg7 44.Nd6 Bxb2 45.Ra2 Bc3 46.Re8+  1-0

[Event "Geneve op"]
[Site "Geneve"]
[Date "1991.??.??"]
[Round "6"]
[White "Sher, Miron N"]
[Black "Gerber, Richard"]
[Result "1/2-1/2"]
[WhiteElo "2450"]
[BlackElo "2260"]

1.Nf3 g6 2.c4 Bg7 3.d4 Nf6 4.Nc3 d6 5.e4 O-O 6.Be2 Nbd7 7.O-O e5 8.Qc2 c6
9.Rd1 Qe7 10.d5 c5 11.g3 Nb8 12.Nh4 Ne8 13.Bd3 Na6 14.a3 Bd7 15.Rb1 f6 16.Re1 Rf7
17.Nd1 Qf8 18.Ne3 Bh6 19.Nhg2 f5 20.exf5 gxf5 21.f4 e4 22.Be2 Bg7 23.Bd2 Bd4
24.Bc3 Qg7 25.Qd2 Nac7 26.Kh1 Rb8 27.Red1 Bxc3 28.bxc3 Qf8 29.Rg1 Kh8 30.Qc2 Ng7
31.Rbf1 Qe7 32.Nd1 Nce8 33.Nf2 Nf6 34.Nh3 Rff8 35.Ne3 Rbe8 36.Re1 Rg8 37.Qd1 Qd8
38.Ng5 Re7 39.Qc2 Qe8 40.Bd1 Qg6 41.Ng2 Qe8 42.Qd2 Rf8 43.Ne3 Qg6  1/2-1/2

[Event "Geneve op"]
[Site "Geneve"]
[Date "1991.??.??"]
[Round "8"]
[White "Janjgava, Lasha"]
[Black "Todorcevic, Miodrag"]
[Result "1-0"]
[WhiteElo "2495"]
[BlackElo "2480"]

1.d4 g6 2.c4 Bg7 3.Nf3 d6 4.Nc3 Nd7 5.e4 e5 6.Be2 Ngf6 7.O-O O-O 8.Be3 a6
9.dxe5 dxe5 10.b4 Ng4 11.Bg5 f6 12.Bd2 Nh6 13.c5 c6 14.Qb3+ Kh8 15.Rad1 Qe7
16.Bxh6 Bxh6 17.Rd6 a5 18.a3 axb4 19.axb4 Re8 20.Rfd1 Nf8 21.b5 Be6 22.Bc4 Rac8
23.h3 Bg7 24.Bxe6 Nxe6 25.Rd7 Qf8 26.Na4 f5 27.bxc6 bxc6 28.Qc4 Ra8 29.R1d6 fxe4
30.Qxe4 Qf5 31.Qxf5 gxf5 32.Nb6 Ra1+ 33.Kh2 h6 34.Nh4 e4 35.Nc4 Rc1 36.Nxf5 Rxc4
37.Nxg7 Nxg7 38.Rxh6+ Kg8 39.Rg6 Rxc5 40.Rgxg7+ Kh8 41.Rh7+ Kg8 42.Rdg7+ Kf8
43.Rc7 Kg8 44.Rhg7+ Kh8 45.Rce7 Rxe7 46.Rxe7 Rc2 47.Kg3 Re2 48.Re5 Kg7 49.Rc5  1-0

[Event "GER CupT"]
[Site "GER"]
[Date "1991.??.??"]
[Round "?"]
[White "Lobron, Eric"]
[Black "Kovalev, Andrei"]
[Result "1-0"]
[WhiteElo "2545"]
[BlackElo "2520"]

1.Nf3 Nf6 2.c4 g6 3.Nc3 Bg7 4.e4 d6 5.d4 O-O 6.Be2 e5 7.O-O Na6 8.Re1 c6
9.Be3 Ng4 10.Bg5 Qc7 11.Bh4 f5 12.exf5 gxf5 13.c5 e4 14.cxd6 Qxd6 15.Bg3 Qe7
16.h3 Nf6 17.Bxa6 bxa6 18.Ne5 Qe8 19.Qa4 Rb8 20.Nc4 Ra8 21.Ne5 c5 22.Qc4+ Be6
23.Qxc5 Rd8 24.Qxa7 Nd7 25.Bf4 Nxe5 26.dxe5 Bc4 27.Qc5 Rc8 28.Qa5 Qe6 29.Re3 Kh8
30.Rd1 Bd3 31.Qd5 Qb6 32.Rg3 Qxb2 33.Qd7 Rg8 34.Rxg7 Rxg7 35.Qxc8+ Rg8 36.Qxf5 e3
37.Qf6+ Rg7 38.Qd8+ Rg8 39.Qf6+ Rg7 40.Bxe3  1-0

[Event "BL2-S9091"]
[Site "Germany"]
[Date "1991.??.??"]
[Round "?"]
[White "Kindl, Peter"]
[Black "Speckner, Roland"]
[Result "1/2-1/2"]
[WhiteElo "2315"]
[BlackElo "2225"]

1.d4 Nf6 2.Nf3 g6 3.c4 Bg7 4.Nc3 O-O 5.e4 d6 6.Be2 e5 7.O-O exd4 8.Nxd4 Re8
9.f3 c6 10.Kh1 Nbd7 11.Nc2 Nb6 12.Bg5 h6 13.Bh4 Be6 14.Ne3 g5 15.Bg3 d5 16.cxd5 cxd5
17.Nb5 Re7 18.Bd6 Rd7 19.e5 Ne8 20.Nd4 Nxd6 21.exd6 Qf6 22.Nec2 Rxd6 23.b3 Bf5
24.Nxf5 Qxf5 25.Rc1 d4 26.Bd3 Qf6 27.Qd2 Nd5 28.Be4 Rad8 29.Nb4 Nxb4 30.Qxb4 b6
31.Bd3 Qf4 32.Rce1 Bf8  1/2-1/2

[Event "BL2-W9091"]
[Site "Germany"]
[Date "1991.??.??"]
[Round "?"]
[White "Von Gleich, Alexander"]
[Black "Schaefer, Markus"]
[Result "1/2-1/2"]
[WhiteElo "2315"]
[BlackElo "2400"]

1.d4 Nf6 2.c4 g6 3.Nc3 Bg7 4.e4 O-O 5.Nf3 d6 6.Be2 Na6 7.O-O e5 8.Re1 c6
9.Bf1 exd4 10.Nxd4 Ng4 11.h3 Qb6 12.hxg4 Qxd4 13.g5 Nc5 14.Bf4 Ne6 15.Bxd6 Re8
16.e5 Qxd1 17.Raxd1 Nxg5 18.f4 Ne6 19.g3 f5 20.exf6 Bxf6 21.Be5 Be7 22.Ne4 Nc5
23.Bd6 Nxe4 24.Rxe4 Kf7 25.Rde1 Be6 26.Rxe6  1/2-1/2

[Event "NRW-Hessen"]
[Site "Germany"]
[Date "1991.??.??"]
[Round "?"]
[White "Hoffmann, Michael"]
[Black "Rechel, Bernd"]
[Result "1/2-1/2"]
[WhiteElo "2370"]
[BlackElo "2350"]

1.d4 Nf6 2.c4 g6 3.Nc3 Bg7 4.e4 O-O 5.Nf3 d6 6.Be2 e5 7.d5 a5 8.Bg5 h6 9.Bh4 Na6
10.O-O Bd7 11.b3 Qe8 12.Nd2 Nh7 13.a3 h5 14.f3 Bh6 15.Kh1 Nc5 16.Rb1 Bg5
17.Bf2 f5 18.exf5 gxf5 19.Qc2 Nf6 20.b4 axb4 21.axb4 Na4 22.Ra1  1/2-1/2

[Event "BL2-S9091"]
[Site "Germany"]
[Date "1991.??.??"]
[Round "?"]
[White "Trettin, Ulrich"]
[Black "Lorscheid, Gerhard"]
[Result "1/2-1/2"]
[WhiteElo "2275"]
[BlackElo "2290"]

1.d4 Nf6 2.c4 d6 3.Nc3 g6 4.e4 Bg7 5.Nf3 O-O 6.Be2 e5 7.O-O Qe8 8.dxe5 dxe5
9.Nd5 Na6 10.Bg5 Nxe4 11.Be7 c6 12.Bxf8 Qxf8 13.Ne3 Nac5 14.Nd2 Be6 15.Nxe4 Nxe4
16.Qc2 f5 17.Rfd1  1/2-1/2

[Event "BL2-S9091"]
[Site "Germany"]
[Date "1991.??.??"]
[Round "?"]
[White "Lorscheid, Gerhard"]
[Black "Martin, Thomas"]
[Result "1-0"]
[WhiteElo "2290"]
[BlackElo "2240"]

1.d4 Nf6 2.c4 g6 3.Nc3 Bg7 4.e4 d6 5.Nf3 O-O 6.Be2 e5 7.dxe5 dxe5 8.Qxd8 Rxd8
9.Bg5 Re8 10.Nd5 Nxd5 11.cxd5 c6 12.Bc4 cxd5 13.Bxd5 Nc6 14.O-O-O Bg4 15.Bxc6 Rac8
16.Rd6 Re6 17.Rhd1 Rxc6+ 18.Rxc6 Rxc6+ 19.Kb1 f6 20.Be3 b6 21.Rd8+ Kf7 22.Nd2 Bf8
23.Ra8 Rc7 24.a3 Be6 25.b4 Bd7 26.Kb2 Ba4 27.f3 f5 28.Nc4 b5 29.Nxe5+ Ke6
30.Re8+ Be7 31.f4 fxe4 32.Bc5 Kf6 33.Bxe7+ Rxe7 34.Ng4+ Ke6 35.Rxe7+ Kxe7
36.Ne3 Kf6 37.Kc3 g5 38.g3  1-0

[Event "BL2-SW9091"]
[Site "Germany"]
[Date "1991.??.??"]
[Round "?"]
[White "Stromer, Alexander"]
[Black "Schaufelberger, Heinz"]
[Result "1/2-1/2"]
[WhiteElo "2240"]
[BlackElo "2325"]

1.d4 Nf6 2.Nf3 g6 3.c4 Bg7 4.Nc3 O-O 5.e4 d6 6.Be2 e5 7.Be3 Nc6 8.O-O Ng4
9.Bg5 f6 10.Bc1 Nh6 11.dxe5 dxe5 12.Qd5+ Nf7 13.Rd1 Bg4 14.Qc5 Qc8 15.Nd5 Re8
16.h3 Bxf3 17.Bxf3 h5 18.Rd3 Nfd8 19.Qa3 Kh7 20.Bxh5 gxh5 21.Rg3 h4 22.Qf3 hxg3
23.Qh5+ Kg8 24.Qxe8+ Kh7 25.Qh5+ Kg8 26.Qg6 gxf2+ 27.Kxf2 Nf7 28.Nxf6+ Kf8
29.Nh7+ Kg8 30.Nf6+ Kf8 31.Nh5 Bh8 32.Bh6+ Ke7 33.Bg5+ Nxg5 34.Qxg5+ Kd7
35.Qf5+ Kd6 36.Rd1+ Nd4 37.Rxd4+ exd4 38.c5+ Ke7 39.Qh7+ Ke6 40.Qf5+ Ke7
41.Qh7+ Ke6 42.Nf4+ Kf6 43.Nd5+ Ke5 44.Qe7+ Qe6 45.Qxe6+ Kxe6 46.Nxc7+ Ke5
47.Nxa8 Kxe4 48.Nc7 Kd3 49.Nd5 Kc2 50.b3 d3 51.Nb4+ Kd2 52.Kf1 Bd4 53.c6 bxc6
54.Nxc6 Bc3 55.Ne7 Kc1 56.Nd5 Bd4 57.Nb4 d2 58.Nd3+ Kc2 59.Nb4+ Kc3 60.Ke2 Bc5
61.Nd3 d1=Q+ 62.Kxd1 Kxd3 63.h4 Bf2 64.h5 Be3 65.g4 Bd2 66.a3 Bg5 67.b4 Bh6
68.Ke1 Bc1 69.a4 Kc4 70.Kd1 Bh6 71.Ke2 Kxb4 72.Kd3 Kxa4 73.Ke4 Kb4 74.Kf5 a5
75.g5 Bf8 76.h6 a4 77.Kg6 Bc5 78.Kf7 a3 79.h7 Bd4 80.g6 a2 81.g7 a1=Q 82.g8=Q  1/2-1/2

[Event "BL2-N9091"]
[Site "Germany"]
[Date "1991.??.??"]
[Round "?"]
[White "Pritchett, Craig William"]
[Black "Joecks, Christian"]
[Result "1-0"]
[WhiteElo "2350"]
[BlackElo "2355"]

1.Nf3 Nf6 2.c4 g6 3.Nc3 Bg7 4.e4 d6 5.d4 O-O 6.Be2 e5 7.Be3 h6 8.O-O Ng4
9.Bc1 Nc6 10.d5 Ne7 11.Ne1 f5 12.Bxg4 fxg4 13.b4 a5 14.Ba3 axb4 15.Bxb4 b6
16.a4 Ba6 17.Nb5 Rf4 18.Qe2 c5 19.dxc6 Nxc6 20.Nd3 Bxb5 21.Nxf4 exf4 22.cxb5 Nxb4
23.Qc4+ d5 24.Qxb4 Bxa1 25.Rxa1 Qf6 26.Rc1 dxe4 27.Qxe4 Rd8 28.g3 g5 29.gxf4 gxf4
30.Kg2 f3+ 31.Kg3 h5 32.Rc6 Qf7 33.Rg6+ Kf8 34.Qc6 Ke7 35.Qc7+ Rd7 36.Qe5+ Kd8
37.Qb8+ Ke7 38.Qe5+ Kd8 39.Qxh5 Qe7 40.Rxb6 Kc7 41.Rc6+ Kb7 42.Qc5 Qd8 43.b6 Rd1
44.Rc7+ Kb8 45.Qe5  1-0

[Event "BL2-W9091"]
[Site "Germany"]
[Date "1991.??.??"]
[Round "?"]
[White "Rechmann, Peter"]
[Black "Schaefer, Markus"]
[Result "0-1"]
[WhiteElo "2355"]
[BlackElo "2400"]

1.c4 Nf6 2.Nc3 g6 3.e4 Bg7 4.d4 O-O 5.Nf3 d6 6.Be2 Na6 7.O-O e5 8.Be3 Ng4
9.Bg5 Qe8 10.dxe5 h6 11.Bh4 dxe5 12.Nd2 Nf6 13.Nd5 g5 14.Bg3 c6 15.Nc3 h5
16.f3 h4 17.Bf2 Qe7 18.a3 Nc5 19.Nb3 Ne6 20.Qc2 Nh5 21.Rfd1 Bd7 22.c5 Rad8
23.Rd6 Nd4 24.Nxd4 exd4 25.Bxd4 Bxd4+ 26.Rxd4 Qxc5 27.Rd1 Nf4 28.e5 Bf5 29.Qxf5 Rxd4
30.Kf1 Rxd1+ 31.Bxd1 Ng6 32.Bb3 Kh7 33.Bc2 Kh6 34.f4 Qc4+  0-1

[Event "BL2-S9091"]
[Site "Germany"]
[Date "1991.??.??"]
[Round "?"]
[White "Kindl, Peter"]
[Black "Martin, Thomas"]
[Result "1/2-1/2"]
[WhiteElo "2315"]
[BlackElo "2240"]

1.d4 Nf6 2.Nf3 g6 3.c4 Bg7 4.Nc3 O-O 5.e4 d6 6.Be2 e5 7.Be3 Nbd7 8.O-O Re8
9.Qc2 exd4 10.Nxd4 Nc5 11.f3 Nh5 12.Rad1 Qh4 13.Rf2 c6 14.Qd2 Qe7 15.g4 Nf6
16.Nc2 Bf8 17.Bf4 Bxg4 18.b4 Ncxe4 19.Nxe4 Nxe4 20.fxe4 Bxe2 21.Rxe2 Qe6
22.Qd3 Qg4+ 23.Bg3 f5 24.Rf1 fxe4 25.Qd1 Qe6 26.Ne3 Rad8 27.Bh4 Rd7 28.Rg2 Bg7
29.Ng4 e3 30.Qe2 Rf7 31.Rxf7 Qxf7 32.Rg3 Qf4 33.Qf3 Qxc4 34.Nf6+ Bxf6 35.Qxf6 Qe6
36.Qxe6+ Rxe6 37.Rg4 d5 38.Kf1 b6 39.Ke2 c5 40.bxc5 bxc5 41.Rg5 Ra6 42.Rxd5 Rxa2+
43.Kxe3 Rxh2 44.Bf2 Kf7 45.Rxc5 Ke6 46.Ra5 h5 47.Rxa7 g5 48.Ra5 Kf6  1/2-1/2

[Event "BL2-W9091"]
[Site "Germany"]
[Date "1991.??.??"]
[Round "?"]
[White "Meyer, Peter"]
[Black "Jackelen, Thomas"]
[Result "0-1"]
[WhiteElo "2330"]
[BlackElo "2365"]

1.Nf3 g6 2.c4 Bg7 3.e4 d6 4.d4 Nf6 5.Nc3 O-O 6.Be2 Na6 7.O-O e5 8.Re1 c6
9.Bf1 exd4 10.Nxd4 Ng4 11.h3 Qb6 12.hxg4 Qxd4 13.g5 Qe5 14.Be3 Nc5 15.Qc2 a5
16.Rad1 Qe7 17.Bf4 Be5 18.Qd2 Re8 19.g3 Bg4 20.Be2 Bxe2 21.Rxe2 a4 22.Qe3 Rad8
23.Red2 Bxf4 24.Qxf4 Ne6 25.Qe3 Nxg5 26.Re2 Ra8 27.Kg2 Ra5 28.f4 Ne6 29.Red2 Nc5
30.Rxd6 Nxe4 31.Rd7 Qc5 32.Qe2 Nf6 33.Rd8 Ra8 34.Nxa4 Rxa4 35.Rxe8+ Nxe8
36.Qxe8+ Kg7 37.Rd8 Rxc4 38.Qh8+ Kh6 39.Rd2 Rc1 40.Kf3 Rf1+ 41.Ke2 Rf2+ 42.Kd1 Rf1+
43.Ke2 Qf2+ 44.Kd3 Qxg3+  0-1

[Event "Aandalucia-ch"]
[Site "Granada"]
[Date "1991.??.??"]
[Round "1"]
[White "Oliva, P."]
[Black "Ruiz Segura, Francisco"]
[Result "1-0"]
[WhiteElo "2225"]
[BlackElo "2085"]

1.d4 Nf6 2.c4 g6 3.Nc3 Bg7 4.e4 d6 5.Nf3 O-O 6.Be2 e5 7.O-O Nbd7 8.Be3 c6
9.Qc2 Qe7 10.Rfe1 Ng4 11.Bg5 f6 12.Bh4 g5 13.Bg3 Nh6 14.dxe5 dxe5 15.Rad1 Nf7
16.a3 a5 17.Nd2 Nd8 18.Na4 Ne6 19.Nb3 Rf7 20.Bh5 Rf8 21.c5 Rd8 22.Rd2 Ndf8
23.Rxd8 Qxd8 24.Nb6 Rb8 25.h3 Nd7 26.Nxc8 Rxc8 27.Bg4 Ndf8 28.Qc4 Kf7 29.Rd1 Qe7
30.Nxa5 Rc7 31.b4 Rd7 32.Rxd7 Qxd7 33.Qb3 Ke7 34.Nc4 h5 35.Bxh5 Nd4 36.Qa2 f5
37.Bxe5  1-0

[Event "Aandalucia-ch"]
[Site "Granada"]
[Date "1991.??.??"]
[Round "2"]
[White "Fernandez Siles, Luis"]
[Black "Medina Garcia, Diego"]
[Result "0-1"]
[WhiteElo "2200"]
[BlackElo "2250"]

1.d4 g6 2.Nf3 Bg7 3.c4 Nf6 4.Nc3 O-O 5.e4 d6 6.Be2 e5 7.dxe5 dxe5 8.Qxd8 Rxd8
9.Bg5 Re8 10.O-O-O h6 11.Bh4 Na6 12.a3 Nc5 13.Bxf6 Bxf6 14.b4 Ne6 15.c5 c6
16.Rd6 Kg7 17.Bc4 Nd4 18.Ne2 Be7 19.Nexd4 Bxd6 20.cxd6 exd4 21.Re1 Bg4 22.Nxd4 Rad8
23.e5 Rxd6 24.Re4 Bc8 25.Bxf7 Rxd4 26.Rxd4 Kxf7 27.f4 Be6 28.a4 c5 29.bxc5 Rc8
30.Rb4 Rxc5+ 31.Kd2 Bd5 32.g3 Rc4 33.Rxc4 Bxc4 34.Kc3 Bd5 35.Kd4 Ke6 36.g4 Bf3
37.h3 Bg2 38.h4 Bh3 39.h5 Bxg4 40.hxg6 Bf5 41.g7 Kf7 42.Kd5 Kxg7 43.Kd6 h5
44.e6 h4 45.e7 Kf7 46.Kc7 Kxe7 47.Kxb7  0-1

[Event "Aandalucia-ch"]
[Site "Granada"]
[Date "1991.??.??"]
[Round "3"]
[White "Navarro, Pedro"]
[Black "Ruiz Segura, Francisco"]
[Result "1/2-1/2"]
[WhiteElo "2185"]
[BlackElo "2085"]

1.d4 Nf6 2.c4 g6 3.Nc3 Bg7 4.e4 d6 5.Nf3 O-O 6.Be2 e5 7.O-O Nbd7 8.Be3 c6
9.dxe5 dxe5 10.Qc2 Qe7 11.Rfd1 Nh5 12.c5 f5 13.Bc4+ Kh8 14.Bg5 Qxc5 15.Na4 Qa5
16.Be7 b5 17.Bxf8 Nxf8 18.Bd3 bxa4 19.exf5 gxf5 20.Bxf5 Bxf5 21.Qxf5 Nf4
22.Ng5 Rb8 23.Rd7 N4g6 24.Nf7+ Kg8 25.Nh6+ Bxh6 26.Qf7+ Kh8 27.Qf6+  1/2-1/2

[Event "Anadalucia-chT"]
[Site "Granada"]
[Date "1991.??.??"]
[Round "4"]
[White "Del Prado, Cesar"]
[Black "Pastor Pons, Carlos"]
[Result "0-1"]
[WhiteElo "2215"]
[BlackElo "2280"]

1.Nf3 g6 2.d4 Bg7 3.c4 d6 4.Nc3 Nd7 5.e4 e5 6.Be2 Ngf6 7.O-O O-O 8.Re1 Re8
9.Bf1 a5 10.dxe5 dxe5 11.Nd5 c6 12.Nxf6+ Bxf6 13.Be3 Qe7 14.Nd2 Bg5 15.Qe2 Nc5
16.Bxg5 Qxg5 17.Nf3 Qe7 18.h3 Ne6 19.Rad1 c5 20.Qe3 Nd4 21.Rc1 Nxf3+ 22.Qxf3 Rd8
23.Red1 Be6 24.Rxd8+ Rxd8 25.Rd1 Rd4 26.Rxd4 cxd4 27.Bd3 Kg7 28.Qe2 Qg5 29.Kh2 Qf4+
30.Kg1 Qc1+ 31.Kh2 b6 32.b3 Bd7 33.Qc2 Qa3 34.Kg1 Bc6 35.Kh2 Qb4 36.Kg1 Kf8
37.Kf1 f6 38.Ke2 Kg7 39.Qd2 Qd6 40.Qc2 Qe7 41.f3 Bd7 42.g4 h5 43.Kf1 hxg4
44.hxg4 Qa3 45.Kg2 Qb4 46.Kf2 a4 47.Ke2 Qa3 48.Kf2 Kf7 49.Ke2 Ke7 50.Qb1 Qb4
51.Qd1 Qa3 52.Qb1 axb3 53.axb3 Qb4 54.Qa2 Kd6 55.Qc2 Qa3 56.Qb1 Kc5 57.Kf2 Kb4
58.Bc2 Kc3 59.Qd1 Qb2 60.Qd3+ Kb4 61.Qd1 Qc3 62.Kg3 g5 63.Kg2 b5 64.Bd3 Qxb3
65.Qxb3+ Kxb3 66.cxb5 Kb4 67.b6 Bc8 68.Kf2 Kc5 69.Ke2 Kxb6 70.Kd2 Ka5 71.Bf1 Ba6
72.Bg2 Kb4 73.Bh3 Kb3 74.Bg2 Kb2 75.Bh3 Bb5 76.Bg2 Be2 77.Kxe2 Kc2 78.f4 d3+
79.Kf2 gxf4  0-1

[Event "Aandalucia-ch"]
[Site "Granada"]
[Date "1991.??.??"]
[Round "4"]
[White "Del Prado, Cesar"]
[Black "Garcia Luque, Agustin"]
[Result "1/2-1/2"]
[WhiteElo "2215"]
[BlackElo "2280"]

1.d4 Nf6 2.c4 g6 3.Nc3 Bg7 4.e4 d6 5.Nf3 O-O 6.Be2 e5 7.O-O Nbd7 8.Be3 Ng4
9.Bg5 f6 10.Bc1 Nh6 11.Be3 Nf7 12.dxe5 dxe5 13.Nd2 c6 14.b4 f5 15.f3 Bh6
16.Bf2 Ng5 17.exf5 gxf5 18.Nb3 Ne6 19.Qd6 Rf6 20.Bh4 Ng5 21.Qd3 Rg6 22.Kh1 Qf8
23.c5 Ne6 24.g4 Bf4 25.Qxf5 Qh6 26.Qh5 Ng7 27.Bc4+ Kf8 28.Qxh6 Rxh6 29.Bf2 Rxh2+
30.Kg1 Rh3 31.Kg2 Rh2+ 32.Kg1 Nf6 33.Ne2 Rh6 34.Nxf4 exf4 35.Rad1 Be6 36.Bxe6 Nxe6
37.Rd6 Ne8 38.Rd7 Rb8 39.Kg2 Nf6 40.Rd6 Ne8 41.Rd7 Nf6 42.Rd6 Ne8 43.Rd3 Rg6
44.Rh1 Nf6 45.Rd6 Re8 46.Re1 Nd5 47.Rd7 h5 48.Rxb7 hxg4 49.fxg4 Rxg4+ 50.Kf1 Rg7
51.Rxg7 Nxg7 52.Nd4 Nxb4 53.Rxe8+  1/2-1/2

[Event "Aandalucia-ch"]
[Site "Granada"]
[Date "1991.??.??"]
[Round "6"]
[White "Sanchez Jimenez, Juan Carlos"]
[Black "Medina Garcia, Diego"]
[Result "1-0"]
[WhiteElo "2250"]
[BlackElo "2250"]

1.d4 Nf6 2.Nf3 g6 3.c4 Bg7 4.Nc3 d6 5.e4 O-O 6.Be2 e5 7.dxe5 dxe5 8.Qxd8 Rxd8
9.Bg5 c6 10.Nxe5 Re8 11.O-O-O Na6 12.Rd6 Be6 13.f4 Nc5 14.Bf3 Nfxe4 15.Nxe4 Nxe4
16.Bxe4 f6 17.Bxf6 Bxf6 18.b3 Be7 19.Rd3 Ba3+ 20.Kc2 a5 21.h4 a4 22.b4 Bxb4
23.Rb1 Bf8 24.Rxb7 Bxc4 25.Rdd7 Bxa2 26.Rxh7 Bb3+ 27.Kb1 Reb8 28.Ng4  1-0

[Event "Aandalucia-ch"]
[Site "Granada"]
[Date "1991.??.??"]
[Round "6"]
[White "Oliva, P."]
[Black "Garcia Luque, Agustin"]
[Result "0-1"]
[WhiteElo "2225"]
[BlackElo "2280"]

1.d4 Nf6 2.c4 g6 3.Nc3 Bg7 4.e4 O-O 5.Nf3 d6 6.Be2 Nbd7 7.O-O e5 8.Be3 c6
9.Qc2 Qe7 10.Rad1 Re8 11.d5 Ng4 12.Bg5 f6 13.Bc1 c5 14.Nb5 Nf8 15.a3 f5 16.Bd3 f4
17.Ne1 h5 18.f3 Nh6 19.g3 g5 20.Qg2 Ng6 21.Kf2 Rf8 22.Ke2 g4 23.Kd2 Bd7 24.Nc3 Rf7
25.Kc2 Raf8 26.Be2 Kh7 27.Kb1 a6 28.Qh1 Bf6 29.fxg4 hxg4 30.gxf4 exf4 31.Bxf4 Bxc3
32.Bxh6 Rxf1 33.Bxf1 Rxf1 34.Qxf1 Bxe1 35.Qxe1 Kxh6 36.Qe3+ Qg5 37.Qc3 Qe5
38.Qe3+ Qf4 39.Qe2 Qf3 40.Qd2+ Kh5 41.Re1 Ne5 42.Qc2 Be8  0-1

[Event "Graz zt (Women)"]
[Site "Graz"]
[Date "1991.??.??"]
[Round "?"]
[White "Baumann, Claude"]
[Black "Segal, Anna"]
[Result "0-1"]
[WhiteElo "2085"]
[BlackElo "2095"]

1.d4 Nf6 2.c4 g6 3.Nc3 Bg7 4.e4 d6 5.Be2 O-O 6.Nf3 e5 7.O-O Na6 8.Be3 Qe8
9.dxe5 dxe5 10.Nd2 c6 11.c5 Be6 12.Qa4 Nc7 13.b4 Qe7 14.Qc2 Nfe8 15.Rab1 f5
16.f4 Qf6 17.Nc4 exf4 18.e5 Qf7 19.Nd6 Nxd6 20.exd6 fxe3 21.dxc7 Qxc7 22.Bf3 Qe5
23.Ne2 Rad8 24.Rbd1 Qb2 25.Qxb2 Bxb2 26.a4 Bb3 27.Rxd8 Rxd8 28.b5 Bxa4 29.bxc6 Bxc6  0-1

[Event "Graz zt (Women)"]
[Site "Graz"]
[Date "1991.??.??"]
[Round "?"]
[White "Kas Fromm, Rita"]
[Black "Weiss, Ursula"]
[Result "1-0"]
[WhiteElo "2260"]
[BlackElo "2055"]

1.d4 Nf6 2.c4 g6 3.Nc3 Bg7 4.e4 d6 5.Nf3 O-O 6.Be2 e5 7.Be3 c6 8.O-O Qe7
9.Qc2 Ng4 10.Bg5 f6 11.Bc1 f5 12.Bg5 Nf6 13.c5 Nbd7 14.exf5 dxc5 15.fxg6 cxd4
16.gxh7+ Kh8 17.Nh4 Qd6 18.Ng6+ Kxh7 19.Nxf8+ Kg8 20.Nxd7  1-0

[Event "Graz"]
[Site "Graz"]
[Date "1991.??.??"]
[Round "1"]
[White "Wells, Peter K"]
[Black "Vukic, Milan"]
[Result "1/2-1/2"]
[WhiteElo "2460"]
[BlackElo "2500"]

1.Nf3 Nf6 2.c4 g6 3.Nc3 Bg7 4.d4 d6 5.e4 O-O 6.Be2 e5 7.Be3 Ng4 8.Bg5 f6
9.Bc1 Nc6 10.O-O Nh6 11.dxe5 fxe5 12.Bg5 Qd7 13.Qd2 Nf7 14.Be3 b6 15.Rfd1 Qd8
16.a3 Bg4 17.Ng5 Bxe2 18.Nxf7 Rxf7 19.Nxe2 Qe8 20.f3 Nd8  1/2-1/2